000 01058nam0a22002411 4500
001 rc\631977
005 20031121164423.6
035 _a(NLR Aleph) 005874089
090 _a6009342
_c6009342
100 _a20031121d1986 u |0rusy50 ca
101 0 _arus
102 _aRU
105 _ay |||||||||
200 1 _aМЕЖГРУППОВЫЕ шкалы оценки телосложения женщин в возрасте 18-30 лет
_e(Метод. рекомендации)
_fГос. ком. СССР по физ. культуре и спорту, ВНИИ физ. культуры
_g[Подгот. к. б. н., доц. Э.Г. Мартиросовым и др.]
210 _aМ.
_cНТИ "Спорт". Отд. исслед. и разраб.
_d1986
215 _a48 с.
_d20
702 1 _aМартиросов
_bЭ. Г.
_gЭдуард Георгиевич
_4570
712 0 2 _aЦНИИ физ. культуры
_cМосква
_3RU\NLR\AUTH\889953858
801 0 _aRU
_bNLR
_gpsbo
801 1 _aRU
_bELAR
_2rusmarc
852 _aNLR
_j88-4/12490
942 _cBOOK
980 _aNB